Movies Quiz

Random Movies or Actor Quiz
Score 0/40 Timer 08:00
1 Play Today
% Correct
Ghostbusters
92.2%
Beverly Hills Cop
91%
Purple Rain
90.5%
Indiana Jones and the Temple of Doom
89.9%
The Terminator
89.9%
The Muppets Take Manhattan
89.3%
Footloose
89.1%
The Karate Kid
88.9%
Splash
88.8%
Star Trek III: The Search for Spock
88.7%
Romancing the Stone
86.7%
Sixteen Candles
86.2%
Cannonball Run II
82.2%
Conan the Destroyer
78.7%
Police Academy
78%
A Nightmare on Elm Street
76.9%
Oh, God! You Devil
73.3%
Bachelor Party
72.8%
The Natural
71.9%
Amadeus
68.1%
% Correct
Red Dawn
67.8%
Firestarter
66.1%
The Woman in Red
65.9%
Missing in Action
65.1%
Dune
64.7%
Broadway Danny Rose
62.3%
Moscow on the Hudson
61.1%
Gremlins
60.3%
The Killing Fields
60.1%
Starman
58.7%
The Cotton Club
57.2%
Revenge of the Nerds
57.1%
All of Me
57%
Greystoke: The Legend of Tarzan, Lord of the Apes
56.8%
Places in the Heart
56.7%
Johnny Dangerously
56.2%
Top Secret!
52%
Supergirl
51.3%
Against All Odds
48.7%
Tightrope
44.4%
Remove Ads.
Support Sporcle.
Get the best of Sporcle when you Go Orange. This ad-free experience offers more features, more stats, and more fun while also helping to support Sporcle. Thank you for becoming a member.

You're not logged in!

Compare scores with friends on all Sporcle quizzes.
OR
Log In

Sporcle TV

Today on Sporcle TV


Watch our educational content, quiz creation guides, and fun videos on Sporcle TV.

Show Comments

Extras

Top Quizzes Today


Score Distribution

Paid Content

Your Account Isn't Verified!

In order to create a playlist on Sporcle, you need to verify the email address you used during registration. Go to your Sporcle Settings to finish the process.

Report this User

Report this user for behavior that violates our Community Guidelines.

Details: